<?xml version="1.0" encoding="UTF-8"?>
<record
    xmlns:xsi="http://www.w3.org/2001/XMLSchema-instance"
    xsi:schemaLocation="http://www.loc.gov/MARC21/slim http://www.loc.gov/standards/marcxml/schema/MARC21slim.xsd"
    xmlns="http://www.loc.gov/MARC21/slim">

  <leader>00614    a2200193   4500</leader>
  <controlfield tag="001">135255</controlfield>
  <datafield tag="020" ind1=" " ind2=" ">
    <subfield code="a">85-99386-01-8</subfield>
  </datafield>
  <datafield tag="040" ind1=" " ind2=" ">
    <subfield code="c">Leonardo Da Vinci</subfield>
  </datafield>
  <datafield tag="041" ind1=" " ind2=" ">
    <subfield code="a">Portugu&#xEA;s</subfield>
  </datafield>
  <datafield tag="082" ind1=" " ind2=" ">
    <subfield code="a">658 S628a</subfield>
    <subfield code="b">S628a</subfield>
  </datafield>
  <datafield tag="100" ind1=" " ind2=" ">
    <subfield code="a">SIQUEIRA, Belmiro</subfield>
  </datafield>
  <datafield tag="245" ind1=" " ind2=" ">
    <subfield code="a">Adm. Belmiro Siqueira</subfield>
    <subfield code="b">patrono dos administradores</subfield>
  </datafield>
  <datafield tag="260" ind1=" " ind2=" ">
    <subfield code="b">CRA-RJ</subfield>
    <subfield code="c">2005</subfield>
    <subfield code="a">Rio de Janeiro</subfield>
  </datafield>
  <datafield tag="300" ind1=" " ind2=" ">
    <subfield code="a">55</subfield>
  </datafield>
  <datafield tag="362" ind1=" " ind2=" ">
    <subfield code="a">20050000</subfield>
  </datafield>
  <datafield tag="500" ind1=" " ind2=" ">
    <subfield code="a">Conselho Regional de Administra&#xE7;&#xE3;o</subfield>
    <subfield code="a">Coordena&#xE7;&#xE3;o de Adilson de Almeida, Leonardo R. Fuerth</subfield>
    <subfield code="a">Colabora&#xE7;&#xE3;o de Jovelino G Pires</subfield>
  </datafield>
  <datafield tag="697" ind1=" " ind2=" ">
    <subfield code="a">Administra&#xE7;&#xE3;o</subfield>
    <subfield code="a">Aprendizagem &#xE9;tica</subfield>
    <subfield code="a">FIPEN</subfield>
  </datafield>
  <datafield tag="942" ind1=" " ind2=" ">
    <subfield code="c">BK</subfield>
  </datafield>
  <datafield tag="952" ind1=" " ind2=" ">
    <subfield code="0">0</subfield>
    <subfield code="1">0</subfield>
    <subfield code="4">0</subfield>
    <subfield code="7">0</subfield>
    <subfield code="a">71.1</subfield>
    <subfield code="b">71.1</subfield>
    <subfield code="d">2024-03-27</subfield>
    <subfield code="l">0</subfield>
    <subfield code="o">658 S628a</subfield>
    <subfield code="p">O009947</subfield>
    <subfield code="r">2024-03-27 22:34:56</subfield>
    <subfield code="w">2024-03-27</subfield>
    <subfield code="y">BK</subfield>
  </datafield>
  <datafield tag="999" ind1=" " ind2=" ">
    <subfield code="c">135255</subfield>
    <subfield code="d">135255</subfield>
  </datafield>
</record>
